[Event "9ème Open International de Rouen"]
[Site "Hôtel de Région - 76000 Rouen"]
[Date "2016.12.18"]
[Round "2.13"]
[White "Herault, Theotime"]
[Black "Blondel, Jerome"]
[Result "1-0"]
[WhiteElo "1772"]
[BlackElo "1963"]
[PlyCount "45"]
[EventDate "2016.??.??"]

1. d4 d5 2. c4 dxc4 3. e4 b5 4. a4 c6 5. axb5 cxb5 6. b3 Bb7 7. bxc4 Bxe4
8. Nc3 Bb7 9. Nxb5 a6 10. Nc3 e6 11. Rb1 Qc7 12. Nf3 Nd7 13. Bd3 Ngf6 14. O-O
Bd6 15. h3 O-O 16. Be3 a5 17. Nb5 Bxf3 18. Nxc7 Bxd1 19. Nxa8 Ba4 20. Nb6 Nxb6
21. Rxb6 Bb4 22. Ra1 Nd7 23. Rxb4 1-0

[Event "9ème Open International de Rouen"]
[Site "Hôtel de Région - 76000 Rouen"]
[Date "2016.12.18"]
[Round "2.14"]
[White "Ruch, Bernard"]
[Black "Bailly, Thierry"]
[Result "1-0"]
[WhiteElo "1934"]
[BlackElo "1716"]
[PlyCount "31"]
[EventDate "2016.??.??"]

1. d4 d5 2. Nf3 Nf6 3. e3 e6 4. Bd3 c5 5. c3 Nc6 6. O-O Bd6 7. Nbd2 cxd4
8. exd4 O-O 9. Re1 Re8 10. Ne5 Ne7 11. Ndf3 Ng6 12. Ng5 Re7 13. f4 Nf8 14. g4
Ne8 15. Qc2 h6 16. Bh7+ 1-0

[Event "9ème Open International de Rouen"]
[Site "Hôtel de Région - 76000 Rouen"]
[Date "2016.12.18"]
[Round "2.15"]
[White "Piassale, Nils"]
[Black "Schmitt, Matthieu"]
[Result "1-0"]
[WhiteElo "1722"]
[BlackElo "1928"]
[PlyCount "73"]
[EventDate "2016.??.??"]

1. e4 e5 2. Nf3 Nc6 3. Bb5 a6 4. Ba4 Nf6 5. O-O Be7 6. Re1 b5 7. Bb3 d6 8. c3
O-O 9. d4 Bg4 10. Re3 Na5 11. Bc2 Nc4 12. Re1 Nd7 13. b3 Ncb6 14. Nbd2 c5
15. d5 Qc7 16. c4 Rab8 17. Bd3 bxc4 18. Bxc4 Nxc4 19. Nxc4 g6 20. h3 Bxf3
21. Qxf3 f5 22. Bd2 fxe4 23. Qxe4 Nf6 24. Qd3 Qb7 25. Bg5 Qc7 26. Rad1 Ne8
27. Bh6 Rf7 28. f4 exf4 29. Re6 Bf8 30. Bxf8 Kxf8 31. Rde1 Rd8 32. Qc3 Ng7
33. Nxd6 Nxe6 34. Nxf7 Rxd5 35. Rxe6 f3 36. Qh8+ Kxf7 37. Qf6+ 1-0

[Event "9ème Open International de Rouen"]
[Site "Hôtel de Région - 76000 Rouen"]
[Date "2016.12.18"]
[Round "2.16"]
[White "Hameau, Cyril"]
[Black "Pheng, Wissam"]
[Result "1-0"]
[WhiteElo "1879"]
[BlackElo "1708"]
[PlyCount "79"]
[EventDate "2016.??.??"]

1. e4 c5 2. d4 cxd4 3. c3 dxc3 4. Nxc3 a6 5. Bc4 Nc6 6. Nf3 e6 7. O-O b5
8. Bb3 Bc5 9. Bf4 d6 10. Rc1 e5 11. Bg5 Nge7 12. Nd5 Bg4 13. h3 Bxf3 14. Qxf3
O-O 15. Qg3 Kh8 16. Qh4 Re8 17. Nxe7 Nxe7 18. Bxf7 Qd7 19. Bxe8 Rxe8 20. Rfd1
Ng6 21. Qg3 Qf7 22. a3 Rf8 23. Rc2 a5 24. Rd3 Nf4 25. Bxf4 exf4 26. Qg4 Qa2
27. e5 Re8 28. Kh2 Qb1 29. Qe2 h6 30. Rd1 Qa2 31. b4 Qxa3 32. bxc5 Rxe5
33. Qxb5 Rxc5 34. Rxc5 dxc5 35. Qe8+ Kh7 36. Qe4+ Kg8 37. Rd8+ Kf7 38. Qf5+ Ke7
39. Rd7+ Ke8 40. Qf7# 1-0

[Event "9ème Open International de Rouen"]
[Site "Hôtel de Région - 76000 Rouen"]
[Date "2016.12.18"]
[Round "2.17"]
[White "Vouin, Denis"]
[Black "Bordais, Dominique"]
[Result "0-1"]
[WhiteElo "1709"]
[BlackElo "1876"]
[PlyCount "62"]
[EventDate "2016.??.??"]

1. b4 c6 2. Bb2 Qb6 3. a3 a5 4. c4 axb4 5. c5 Qc7 6. axb4 Rxa1 7. Bxa1 d6
8. Nf3 Na6 9. cxd6 Qxd6 10. b5 cxb5 11. e4 Bd7 12. Be2 e6 13. O-O Ne7 14. d4
Ng6 15. Re1 Be7 16. Nc3 Nc7 17. Qb1 b4 18. e5 Qb6 19. Rc1 O-O 20. Ne4 Ra8
21. Nfd2 Bb5 22. Nc4 Bxc4 23. Bxc4 Nf4 24. g3 Nfd5 25. Bb3 Nb5 26. Qd3 g6
27. Bb2 Rd8 28. Nc5 Ndc3 29. Na4 Qxd4 30. Qxd4 Nxd4 31. Bxc3 Ne2+ 0-1

[Event "9ème Open International de Rouen"]
[Site "Hôtel de Région - 76000 Rouen"]
[Date "2016.12.18"]
[Round "2.18"]
[White "Javor, Besim"]
[Black "Delin, Valere"]
[Result "1-0"]
[WhiteElo "1873"]
[BlackElo "1346"]
[PlyCount "91"]
[EventDate "2016.??.??"]

1. d4 Nf6 2. Bf4 g6 3. e3 Bg7 4. Nd2 d5 5. Be2 Bf5 6. c3 Nbd7 7. Ngf3 b6
8. Qa4 Nh5 9. Bg5 O-O 10. Nh4 f6 11. Nxf5 fxg5 12. Nxg7 Nxg7 13. O-O a6 14. c4
e6 15. cxd5 exd5 16. Qc6 Nf6 17. Rac1 Rc8 18. Nf3 Ne4 19. Ne5 Rf6 20. Qc2 c5
21. f3 cxd4 22. Qxc8 Rd6 23. Qxd8+ Rxd8 24. fxe4 dxe4 25. exd4 Nf5 26. Rxf5
gxf5 27. Nc6 Rd6 28. d5 f4 29. Bxa6 g4 30. Bc8 h5 31. Be6+ Kg7 32. Kf2 Kf6
33. Rc4 e3+ 34. Ke2 Kg5 35. g3 f3+ 36. Kxe3 b5 37. Rf4 f2 38. Rxf2 h4 39. Rf5+
Kg6 40. Kf4 hxg3 41. hxg3 Kh6 42. Ke5 Rxd5+ 43. Bxd5 b4 44. Nxb4 Kg7 45. Ke6
Kh8 46. Kf7 1-0

[Event "9ème Open International de Rouen"]
[Site "Hôtel de Région - 76000 Rouen"]
[Date "2016.12.18"]
[Round "2.19"]
[White "Mignot, Philippe"]
[Black "Mignot, Enzo"]
[Result "0-1"]
[WhiteElo "1321"]
[BlackElo "1869"]
[PlyCount "46"]
[EventDate "2016.??.??"]

1. Nc3 g6 2. Nf3 Bg7 3. d4 Nf6 4. Bg5 O-O 5. e4 d6 6. Be2 Nbd7 7. Qd2 c5 8. e5
cxd4 9. Qxd4 dxe5 10. Nxe5 Nh5 11. Bxh5 Bxe5 12. Qh4 gxh5 13. Bxe7 Bxc3+
14. Kf1 Qb6 15. Qg3+ Bg7 16. Bxf8 Nxf8 17. b3 Bf5 18. c4 Qd4 19. Re1 Re8
20. Qf3 Bd3+ 21. Re2 Bxe2+ 22. Qxe2 Qa1+ 23. Qe1 Rxe1# 0-1

[Event "9ème Open International de Rouen"]
[Site "Hôtel de Région - 76000 Rouen"]
[Date "2016.12.18"]
[Round "2.20"]
[White "Voegele, Francois-Marie"]
[Black "Leleu, Andre"]
[Result "0-1"]
[WhiteElo "1130"]
[BlackElo "1848"]
[PlyCount "80"]
[EventDate "2016.??.??"]

1. f4 d5 2. Nf3 g6 3. e3 c5 4. Be2 Bg7 5. O-O Qb6 6. Nc3 d4 7. Na4 Qa5 8. c3
Bd7 9. b3 Nc6 10. Kh1 Nh6 11. exd4 cxd4 12. cxd4 Nxd4 13. Nc3 O-O 14. a4 Nhf5
15. Bb2 Rac8 16. Rc1 Be6 17. b4 Qxb4 18. Rb1 Bb3 19. Qe1 Bc2 20. Ra1 Qxb2
21. Ra3 Qxa3 22. Nb5 Qxa4 23. Kg1 Nxb5 24. d3 Ne3 25. Rf2 Nd4 26. h3 Nxf3+
27. Rxf3 Bd4 28. Rf2 Nf5 29. Kh1 Qa3 30. Rf3 Ba4 31. Rf1 Bc6 32. Kh2 Qa2
33. Kh1 Bxg2+ 34. Kxg2 Ne3+ 35. Kh1 Nxf1 36. Qxf1 Rc2 37. Kg2 Rxe2+ 38. Kf3
Re3+ 39. Kg4 Qe6+ 40. Kh4 Bf6# 0-1

[Event "9ème Open International de Rouen"]
[Site "Hôtel de Région - 76000 Rouen"]
[Date "2016.12.18"]
[Round "2.21"]
[White "Veniat, Nicolas"]
[Black "Lebreton, Gabin"]
[Result "1-0"]
[WhiteElo "1847"]
[BlackElo "1237"]
[PlyCount "63"]
[EventDate "2016.??.??"]

1. e4 e5 2. f4 exf4 3. Nf3 h6 4. Bc4 d6 5. d4 g5 6. h4 Bg7 7. c3 Nc6 8. Nbd2
Bg4 9. hxg5 hxg5 10. Rxh8 Bxh8 11. Qb3 Nh6 12. Qxb7 Na5 13. Qb5+ c6 14. Qxg5
Qxg5 15. Nxg5 Nxc4 16. Nxc4 d5 17. Nd6+ Ke7 18. Bxf4 Rd8 19. e5 f6 20. Nf3 Bxf3
21. gxf3 fxe5 22. dxe5 Nf7 23. Nxf7 Kxf7 24. Kd2 Re8 25. Re1 Ke6 26. Bh2 Rg8
27. Re2 Rb8 28. Kc2 Rf8 29. f4 Rf5 30. Rg2 Kf7 31. Kd3 c5 32. b3 1-0

[Event "9ème Open International de Rouen"]
[Site "Hôtel de Région - 76000 Rouen"]
[Date "2016.12.18"]
[Round "2.22"]
[White "Adyel, Samir"]
[Black "Coquelin, Jonathan"]
[Result "1-0"]
[WhiteElo "2076"]
[BlackElo "1439"]
[PlyCount "111"]
[EventDate "2016.??.??"]

1. d4 d5 2. Nc3 Nf6 3. Bg5 c6 4. Qd3 Nbd7 5. e4 dxe4 6. Nxe4 Nxe4 7. Qxe4 Qa5+
8. Bd2 Qd5 9. Qxd5 cxd5 10. Nf3 g6 11. Bd3 Bg7 12. O-O O-O 13. Rfe1 Re8 14. Bb4
e6 15. Re2 Bf8 16. Bd2 Nb6 17. Ne5 Bd7 18. Nxd7 Nxd7 19. Bb5 Red8 20. Bg5 f6
21. Bxd7 Rxd7 22. Bxf6 Kf7 23. Be5 Rc8 24. Rd1 Bd6 25. f4 a6 26. Rd3 Bf8
27. Rh3 h6 28. g4 b5 29. Rf3 Kg8 30. Kg2 b4 31. h4 Be7 32. Kh3 Rdd8 33. h5 g5
34. f5 Rf8 35. Bg3 Rc6 36. Rfe3 Bf6 37. Rxe6 Rxe6 38. Rxe6 Bxd4 39. Be5 Bxe5
40. Rxe5 Rc8 41. Re2 a5 42. Kg3 a4 43. Kf3 Rc4 44. Rd2 d4 45. Rg2 b3 46. axb3
axb3 47. cxb3 Rb4 48. Ke4 Kf7 49. Kd3 Kf6 50. Ke4 Kf7 51. Kd3 Kf6 52. Rd2 Rxb3+
53. Kc4 Rb8 54. b4 Ke5 55. Rxd4 Rc8+ 56. Kd3 1-0

[Event "9ème Open International de Rouen"]
[Site "Hôtel de Région - 76000 Rouen"]
[Date "2016.12.18"]
[Round "2.23"]
[White "Leduc, Jean-Philippe"]
[Black "Argouse, Alexandre"]
[Result "1-0"]
[WhiteElo "1850"]
[BlackElo "1148"]
[PlyCount "69"]
[EventDate "2016.??.??"]

1. e4 c5 2. c3 Nc6 3. d4 cxd4 4. cxd4 d5 5. e5 Qb6 6. Ne2 Bf5 7. a3 e6 8. Nbc3
a5 9. Na4 Qa7 10. Be3 Rc8 11. Ng3 Bg6 12. Rc1 Nge7 13. Bd3 Bxd3 14. Qxd3 g6
15. O-O Bg7 16. Nc3 O-O 17. Rfd1 Qb6 18. Rc2 Rfe8 19. Nb5 Rcd8 20. Rdc1 Qa6
21. Qb3 Qb6 22. Rc3 Bf8 23. Nd6 Qxb3 24. Rxb3 Nf5 25. Ngxf5 Bxd6 26. Nxd6 Rf8
27. Rxb7 Rb8 28. Rxc6 Rxb7 29. Nxb7 Rb8 30. Bh6 f5 31. Rc7 a4 32. Kf1 Ra8
33. Rg7+ Kf8 34. Rxh7+ Kg8 35. Rd7 1-0

[Event "9ème Open International de Rouen"]
[Site "Hôtel de Région - 76000 Rouen"]
[Date "2016.12.18"]
[Round "2.24"]
[White "Fourcart, Marc"]
[Black "Pineau, Jean-Jacques"]
[Result "0-1"]
[WhiteElo "1706"]
[BlackElo "1779"]
[PlyCount "98"]
[EventDate "2016.??.??"]

1. d4 Nf6 2. Nf3 g6 3. e3 Bg7 4. c4 c5 5. a3 cxd4 6. exd4 O-O 7. b4 d5 8. Bb2
Nbd7 9. c5 a6 10. Bd3 Ne4 11. O-O Nb8 12. Nbd2 Bf5 13. Rc1 Nxf2 14. Rxf2 Bxd3
15. Ne5 Bb5 16. Ndf3 f6 17. Nd3 Be8 18. Qe2 Bf7 19. Nf4 Qd7 20. Re1 Nc6 21. Ne6
Rfe8 22. Qe3 Bh8 23. Rfe2 Nd8 24. Nf4 Bg7 25. Qb3 Nc6 26. Ne6 Bh6 27. a4 Nd8
28. Nxd8 Raxd8 29. b5 e6 30. Rc2 Rb8 31. Bc1 Bg7 32. Bf4 Rbc8 33. Rec1 e5
34. Be3 Re6 35. Qb4 Bf8 36. Qa5 Be8 37. Rb1 g5 38. dxe5 Bg6 39. Rbc1 Bxc2
40. Rxc2 g4 41. Nd4 Rxe5 42. c6 bxc6 43. bxc6 Qc7 44. Qxc7 Rxc7 45. Bf4 Kf7
46. Rb2 Bc5 47. Rd2 Rxc6 48. Kf1 Bxd4 49. Rxd4 Re4 0-1

[Event "9ème Open International de Rouen"]
[Site "Hôtel de Région - 76000 Rouen"]
[Date "2016.12.18"]
[Round "2.25"]
[White "Thery, Arthus"]
[Black "Roussel, Maxime"]
[Result "0-1"]
[WhiteElo "1254"]
[BlackElo "1587"]
[PlyCount "38"]
[EventDate "2016.??.??"]

1. e4 c5 2. Nf3 g6 3. d4 cxd4 4. Nxd4 Nc6 5. Nc3 Bg7 6. Be3 Nf6 7. f3 O-O
8. Qd2 d5 9. exd5 Nxd5 10. Nxd5 Qxd5 11. Nxc6 Qxd2+ 12. Bxd2 bxc6 13. c3 Rb8
14. O-O-O Be6 15. Bf4 Rbd8 16. Ba6 Bxa2 17. Be3 Bb3 18. Rxd8 Rxd8 19. Bc5 Bh6+
0-1

[Event "9ème Open International de Rouen"]
[Site "Hôtel de Région - 76000 Rouen"]
[Date "2016.12.18"]
[Round "2.26"]
[White "Yuan, Beline"]
[Black "Ferreira, Loic"]
[Result "1-0"]
[WhiteElo "1800"]
[BlackElo "1441"]
[PlyCount "41"]
[EventDate "2016.??.??"]

1. d4 d5 2. c4 e6 3. Nc3 Nf6 4. Bg5 Nbd7 5. Nf3 Be7 6. e3 O-O 7. Bd3 Re8
8. O-O c5 9. Qe2 cxd4 10. exd4 dxc4 11. Bxc4 Nb6 12. Bd3 Nfd5 13. Bxe7 Qxe7
14. Qe4 Nf6 15. Qh4 g6 16. Ne5 Nh5 17. Qe4 Nf6 18. Qe2 Nbd5 19. Bc4 Bd7
20. Nxd7 Nxc3 21. Nxf6+ 1-0

[Event "9ème Open International de Rouen"]
[Site "Hôtel de Région - 76000 Rouen"]
[Date "2016.12.18"]
[Round "2.27"]
[White "Pineau, Patrick"]
[Black "Bertrand, Julien"]
[Result "0-1"]
[WhiteElo "1433"]
[BlackElo "1799"]
[PlyCount "80"]
[EventDate "2016.??.??"]

1. d4 c5 2. d5 e6 3. c4 exd5 4. cxd5 Nf6 5. Nc3 d6 6. Nf3 g6 7. Bg5 Bg7 8. e4
a6 9. a4 h6 10. Bh4 g5 11. Bg3 Nh5 12. Be2 Nxg3 13. fxg3 Qe7 14. Qc2 Nd7
15. O-O O-O 16. Bd3 Ne5 17. Nxe5 Qxe5 18. Rab1 Bd7 19. a5 Qd4+ 20. Kh1 Rab8
21. Ne2 Qb4 22. Rf2 Qxa5 23. Rbf1 b5 24. Qb1 Qb4 25. Rf6 c4 26. Bc2 Bxf6
27. Rxf6 Kg7 28. Qf1 Qxb2 29. Rxd6 Bg4 30. h3 Bxe2 31. Qxe2 Qe5 32. Rc6 Rfc8
33. Rxa6 Rc7 34. Qg4 Rd8 35. Qh5 Rd6 36. Ra5 b4 37. h4 b3 38. Bb1 c3 39. hxg5
hxg5 40. Ra8 Rh6 0-1

[Event "9ème Open International de Rouen"]
[Site "Hôtel de Région - 76000 Rouen"]
[Date "2016.12.18"]
[Round "2.28"]
[White "Cleaud, Cyril"]
[Black "Deschuyteneer, Lucien"]
[Result "1-0"]
[WhiteElo "1761"]
[BlackElo "1399"]
[PlyCount "77"]
[EventDate "2016.??.??"]

1. e4 e5 2. Nf3 Nf6 3. d4 Nxe4 4. dxe5 d5 5. exd6 Nxd6 6. Bd3 Be7 7. O-O O-O
8. Nc3 Bg4 9. h3 Bh5 10. Be3 Nc6 11. Be2 Bf6 12. Qd2 Bg6 13. Bc5 Re8 14. Bxd6
Qxd6 15. Qxd6 cxd6 16. Bb5 a6 17. Bxc6 bxc6 18. Rad1 d5 19. Rd2 h6 20. Na4 Rab8
21. b3 Rb5 22. Nh2 Re4 23. Ng4 d4 24. Nxf6+ gxf6 25. Rfd1 c5 26. Nb2 Rb6
27. Na4 Rc6 28. Nb2 Rd6 29. Nc4 Rd8 30. f3 Ree8 31. Kf2 f5 32. a4 f4 33. a5 Rd7
34. Nb6 Rc7 35. Nd5 Rc6 36. Re1 Rxe1 37. Kxe1 Re6+ 38. Kf2 Kg7 39. Nxf4 1-0

[Event "9ème Open International de Rouen"]
[Site "Hôtel de Région - 76000 Rouen"]
[Date "2016.12.18"]
[Round "2.29"]
[White "Lormier, Vincent"]
[Black "Serano, Vincent"]
[Result "0-1"]
[WhiteElo "1399"]
[BlackElo "1705"]
[PlyCount "96"]
[EventDate "2016.??.??"]

1. e4 e5 2. Nf3 Nc6 3. Bc4 Bc5 4. c3 Qf6 5. O-O Nge7 6. Re1 d6 7. d4 exd4
8. Bg5 Qg6 9. Bxe7 Nxe7 10. cxd4 Bb6 11. e5 d5 12. Bd3 Qh5 13. Qc2 O-O 14. Nbd2
Be6 15. Nf1 Nf5 16. Bxf5 Bxf5 17. Qd2 Be4 18. Ng3 Qg4 19. h3 Qd7 20. Nxe4 dxe4
21. Rxe4 Rad8 22. b4 c6 23. Qd3 Qf5 24. Rd1 Rd5 25. Nh4 Qh5 26. Qf3 Qxf3
27. Nxf3 Re8 28. a4 a5 29. b5 cxb5 30. axb5 Rc8 31. e6 fxe6 32. Rxe6 Bd8 33. b6
Bf6 34. Rde1 Kf7 35. R6e2 Rc6 36. Ne5+ Bxe5 37. dxe5 Rxb6 38. Ra2 Re6 39. f4
Ra6 40. f5 b5 41. g4 b4 42. g5 b3 43. e6+ Ke8 44. f6 Rxg5+ 45. Kh2 bxa2 46. Rc1
gxf6 47. Ra1 Rxe6 48. Rxa2 Re3 0-1

[Event "9ème Open International de Rouen"]
[Site "Hôtel de Région - 76000 Rouen"]
[Date "2016.12.18"]
[Round "2.30"]
[White "Dubois, Benjamin"]
[Black "Vasset, Francois"]
[Result "1-0"]
[WhiteElo "1666"]
[BlackElo "1399"]
[PlyCount "96"]
[EventDate "2016.??.??"]

1. e4 d5 2. d4 dxe4 3. Nc3 e5 4. Nxe4 Nc6 5. Bb5 Qxd4 6. Qxd4 exd4 7. Bxc6+
bxc6 8. Bf4 Bf5 9. O-O-O O-O-O 10. Ng3 Be6 11. Nf3 Bxa2 12. Nxd4 Bd5 13. f3 h6
14. Nge2 Bb4 15. c3 Bc5 16. Rd2 Ne7 17. Rhd1 a5 18. Ng3 Ng6 19. Be3 Rhe8
20. Bg1 Ne5 21. Kc2 a4 22. Ra1 Bxd4 23. cxd4 Bb3+ 24. Kc3 Nc4 25. Re2 g6
26. Rae1 Nd6 27. Rxe8 Rxe8 28. Rxe8+ Nxe8 29. Ne4 Nd6 30. Nc5 Nb5+ 31. Kb4 Bd1
32. Nxa4 Kd7 33. Nc5+ Kd6 34. Ne4+ Kd5 35. Bf2 Bc2 36. Nf6+ Ke6 37. Ng4 h5
38. Ne3 Nxd4 39. Kc3 Nxf3 40. Nxc2 Nxh2 41. Ne3 f5 42. Bg3 Ng4 43. Nxg4 hxg4
44. Bxc7 Kd5 45. Kd3 c5 46. Ke3 Kc6 47. Be5 Kd5 48. Kf4 g5+ 1-0

[Event "9ème Open International de Rouen"]
[Site "Hôtel de Région - 76000 Rouen"]
[Date "2016.12.18"]
[Round "2.31"]
[White "Cernettig, Michel"]
[Black "Dunand, Damien"]
[Result "0-1"]
[WhiteElo "1398"]
[BlackElo "1650"]
[PlyCount "126"]
[EventDate "2016.??.??"]

1. d4 Nf6 2. c4 g6 3. Nf3 Bg7 4. Nc3 d6 5. e4 O-O 6. Be2 e5 7. O-O Bg4 8. d5
Nbd7 9. Nd2 Bxe2 10. Qxe2 c6 11. b4 a5 12. Rb1 axb4 13. Rxb4 Nc5 14. Rb1 Qa5
15. Bb2 Na4 16. Nxa4 Qxa4 17. a3 b5 18. dxc6 bxc4 19. Rfc1 Qxc6 20. Rxc4 Qb5
21. Kf1 Bh6 22. Bc1 Qa6 23. f3 Rac8 24. Rxc8 Qxe2+ 25. Kxe2 Rxc8 26. Ra1 d5
27. Nb3 Bxc1 28. Rxc1 Rxc1 29. Nxc1 d4 30. a4 Kf8 31. Kd3 Ke8 32. Kc4 Kd8
33. Nd3 Nd7 34. f4 f6 35. fxe5 fxe5 36. a5 Kc7 37. Kd5 h6 38. a6 Kb6 39. a7
Kxa7 40. Kd6 Nf6 41. Kxe5 Ng4+ 42. Kxd4 Kb7 43. e5 Kc7 44. Kd5 Kd7 45. Nc5+ Ke7
46. Nb7 Ne3+ 47. Ke4 Nxg2 48. Nc5 Nh4 49. e6 Kd6 50. h3 Nf5 51. Kf4 Kxc5
52. Ke5 Kc6 53. Kf6 Kd6 54. Kxg6 Kxe6 55. h4 Ke5 56. Kh5 Kf4 57. Kg6 Kg4 58. h5
Kf4 59. Kf6 Nh4 60. Kg7 Kg5 61. Kf7 Kxh5 62. Kf6 Kg4 63. Kg7 Nf5+ 0-1

[Event "9ème Open International de Rouen"]
[Site "Hôtel de Région - 76000 Rouen"]
[Date "2016.12.18"]
[Round "2.32"]
[White "Dorin, Herve"]
[Black "Bailly, Yannick"]
[Result "1/2-1/2"]
[WhiteElo "1620"]
[BlackElo "1396"]
[PlyCount "138"]
[EventDate "2016.??.??"]

1. e4 c5 2. Nf3 Nc6 3. d4 cxd4 4. Nxd4 d6 5. Bb5 Bd7 6. Bxc6 bxc6 7. Nc3 g6
8. O-O Bg7 9. Be3 a6 10. f4 c5 11. Nde2 Bc6 12. Rb1 Nf6 13. Ng3 O-O 14. Qd2 Ng4
15. f5 Nxe3 16. Qxe3 Rb8 17. Qf3 Qd7 18. b3 Qb7 19. Rbe1 Qb4 20. Nd5 Bxd5
21. exd5 Rbe8 22. Re4 Qc3 23. Qe2 Be5 24. Rg4 Bxg3 25. Rxg3 Qd4+ 26. Re3 Qxd5
27. Rxe7 Qd4+ 28. Kh1 Rxe7 29. Qxe7 a5 30. f6 d5 31. Qe1 Qb2 32. Qh4 Kh8
33. Qh6 Rg8 34. Qg5 Qxc2 35. Qxd5 Qxa2 36. Qxc5 Qxb3 37. Qxa5 Qd3 38. Qe1 Qd7
39. Qh4 Qd3 40. Qe1 Qd5 41. h3 Qc6 42. Qe7 Qe6 43. Qxe6 fxe6 44. Re1 Rf8
45. Rxe6 Ra8 46. Re7 Kg8 47. f7+ Kg7 48. Re8 Ra1+ 49. Kh2 Kxf7 50. Rb8 Ra2
51. Rb7+ Kg8 52. h4 Rf2 53. Kg3 Rf8 54. Rb6 Kg7 55. Kh3 h5 56. Rb4 Rf5 57. g3
Rf3 58. Kg2 Rf7 59. g4 hxg4 60. Rxg4 Kh6 61. Kg3 Rf6 62. Rg5 Kh7 63. Kg4 Rf5
64. Rxf5 gxf5+ 65. Kxf5 Kg7 66. Kg5 Kh8 67. h5 Kg8 68. Kg6 Kh8 69. h6 Kg8
1/2-1/2

[Event "9ème Open International de Rouen"]
[Site "Hôtel de Région - 76000 Rouen"]
[Date "2016.12.18"]
[Round "2.33"]
[White "Dionisi, Michel"]
[Black "Martine, Valentin"]
[Result "0-1"]
[WhiteElo "1390"]
[BlackElo "1619"]
[PlyCount "30"]
[EventDate "2016.??.??"]

1. e4 e6 2. d4 d5 3. Nc3 Nf6 4. e5 Nfd7 5. f4 c5 6. Nf3 Qb6 7. Bb5 Nc6 8. Bxc6
bxc6 9. O-O cxd4 10. Nb1 d3+ 11. Kh1 dxc2 12. Qxc2 Ba6 13. Re1 Nc5 14. Be3 Bd3
15. Qxc5 Bxc5 0-1

[Event "9ème Open International de Rouen"]
[Site "Hôtel de Région - 76000 Rouen"]
[Date "2016.12.18"]
[Round "2.34"]
[White "Heckly, Jean-Louis"]
[Black "Blondel, Jean-Michel"]
[Result "1-0"]
[WhiteElo "1606"]
[BlackElo "1369"]
[PlyCount "135"]
[EventDate "2016.??.??"]

1. e4 e5 2. Nf3 d6 3. d4 exd4 4. Nxd4 Nf6 5. Nc3 a6 6. Be2 Bd7 7. Be3 Nc6
8. Qd2 Be7 9. O-O O-O 10. Rad1 Re8 11. f4 h6 12. h3 Bf8 13. Bf3 Qe7 14. Rde1
Qd8 15. Bf2 Nxd4 16. Bxd4 Bc6 17. Qf2 Qc8 18. Bxf6 gxf6 19. Qg3+ Bg7 20. Bg4
Qd8 21. Bf5 Kh8 22. Rd1 Rg8 23. Qf2 Qe7 24. Rfe1 Rgd8 25. Nd5 Bxd5 26. exd5 Qf8
27. Rd3 Re8 28. Rde3 Rxe3 29. Rxe3 Re8 30. Qe2 Rxe3 31. Qxe3 b6 32. Bd3 a5
33. Qe4 Qg8 34. Qe7 Qc8 35. Qxf7 Qd8 36. g4 Qc8 37. Bf5 Qd8 38. c4 Qb8 39. Kg2
Qd8 40. Kf3 a4 41. Bd7 a3 42. bxa3 Qa8 43. a4 Qf8 44. Qe6 Qd8 45. Ke4 Bf8
46. Kf5 Bg7 47. Kg6 Qf8 48. Qe8 Qxe8+ 49. Bxe8 Kg8 50. h4 Kf8 51. Bc6 Kg8
52. g5 fxg5 53. hxg5 hxg5 54. fxg5 Kf8 55. Bd7 Bd4 56. Kf5 Be5 57. Ke6 Bd4
58. g6 Kg7 59. Be8 Kf8 60. Kd7 b5 61. cxb5 Bb6 62. Bf7 Kg7 63. Kc6 Ba5 64. Kb7
Bb6 65. Ka6 Bc5 66. a5 Bb4 67. a4 Bc3 68. b6 1-0

[Event "9ème Open International de Rouen"]
[Site "Hôtel de Région - 76000 Rouen"]
[Date "2016.12.18"]
[Round "2.35"]
[White "Colin-Chen, Christine"]
[Black "Blasco, David"]
[Result "0-1"]
[WhiteElo "1359"]
[BlackElo "1596"]
[PlyCount "56"]
[EventDate "2016.??.??"]

1. e4 d6 2. d4 Nf6 3. Nc3 g6 4. Nf3 Bg7 5. Bc4 O-O 6. Bb3 c6 7. O-O b5 8. e5
dxe5 9. dxe5 Ng4 10. Qxd8 Rxd8 11. Bf4 a5 12. a4 b4 13. Ne4 Bf5 14. Neg5 Nh6
15. Nh4 Rf8 16. Nxf5 Nxf5 17. Rad1 Na6 18. Rd7 Nc5 19. Rc7 Nxb3 20. cxb3 Nd4
21. Re1 h6 22. Ne4 Ne6 23. Rxe7 Nxf4 24. Nc5 Rfe8 25. Rxe8+ Rxe8 26. g3 Ne6
27. Nxe6 Rxe6 28. f4 f6 0-1

[Event "9ème Open International de Rouen"]
[Site "Hôtel de Région - 76000 Rouen"]
[Date "2016.12.18"]
[Round "2.36"]
[White "Bureau-Leroyer, Lola"]
[Black "Ayoub, Alexandre"]
[Result "1-0"]
[WhiteElo "1595"]
[BlackElo "1303"]
[PlyCount "67"]
[EventDate "2016.??.??"]

1. Nf3 d5 2. c4 c6 3. e3 Nf6 4. Nc3 Bg4 5. Be2 Bxf3 6. Bxf3 e6 7. cxd5 cxd5
8. O-O Bd6 9. Qc2 Nc6 10. d4 O-O 11. b3 Bc7 12. Ba3 Re8 13. Nb5 Bb8 14. Rac1 a6
15. Nc3 Qc7 16. g3 h5 17. Na4 Rc8 18. Bc5 b5 19. Nb6 Nb4 20. Qd2 Nc6 21. Nxa8
Qb7 22. Nb6 Ba7 23. Nxc8 Qxc8 24. Bxa7 Qb7 25. Qe2 Nxa7 26. Rc2 Nc6 27. Rfc1
Ne7 28. Rc7 Qb6 29. Rxe7 Qd6 30. Rcc7 h4 31. Qc2 h3 32. Rc8+ Ne8 33. Rexe8+ Qf8
34. Rxf8# 1-0

[Event "9ème Open International de Rouen"]
[Site "Hôtel de Région - 76000 Rouen"]
[Date "2016.12.18"]
[Round "2.37"]
[White "Julien, Franck"]
[Black "Piassale, Mael"]
[Result "0-1"]
[WhiteElo "1569"]
[BlackElo "1281"]
[PlyCount "82"]
[EventDate "2016.??.??"]

1. d4 d5 2. c4 e6 3. e3 Nf6 4. Nc3 Bb4 5. Bd2 Nbd7 6. Nf3 O-O 7. Bd3 c6 8. O-O
dxc4 9. Bxc4 b5 10. Bd3 a6 11. a3 Ba5 12. b4 Bb6 13. Qc2 Bb7 14. e4 e5 15. dxe5
Ng4 16. Rad1 Ngxe5 17. Be2 Qc7 18. Qc1 c5 19. bxc5 Nxc5 20. Nxe5 Qxe5 21. Bf4
Qe8 22. Bf3 Rd8 23. Nd5 Bxd5 24. exd5 Ne4 25. Bxe4 Qxe4 26. Rfe1 Qf5 27. Re5
Qf6 28. Bg3 Bxf2+ 29. Bxf2 Qxe5 30. Bg3 Qf6 31. Qd2 Rd7 32. d6 Re8 33. Qb4 Re2
34. Qg4 Qe6 35. Qf3 Qe3+ 36. Qxe3 Rxe3 37. Rc1 f6 38. Bf2 Rxa3 39. Rf1 Kf7
40. h3 Rd3 41. Bc5 a5 0-1

[Event "9ème Open International de Rouen"]
[Site "Hôtel de Région - 76000 Rouen"]
[Date "2016.12.18"]
[Round "2.38"]
[White "Ferreira, Theo"]
[Black "Ginovart, Camille"]
[Result "1-0"]
[WhiteElo "1299"]
[BlackElo "1567"]
[PlyCount "143"]
[EventDate "2016.??.??"]

1. e4 c5 2. Nf3 g6 3. d4 cxd4 4. Nxd4 Nc6 5. Nc3 Bg7 6. Be3 Nf6 7. f3 O-O
8. Qd2 d5 9. O-O-O dxe4 10. Nxc6 Qxd2+ 11. Rxd2 bxc6 12. Nxe4 Nxe4 13. fxe4 Rb8
14. c3 Be6 15. a3 Rb3 16. Rc2 Rd8 17. Be2 a5 18. Rd1 Rxd1+ 19. Kxd1 Rb7 20. Rd2
Be5 21. Bh6 Rd7 22. Rxd7 Bxd7 23. h3 f5 24. Bf3 c5 25. Be3 c4 26. exf5 gxf5
27. Bd5+ Kg7 28. Bxc4 Bc6 29. Bf1 f4 30. Bd4 Kf6 31. Kd2 Be4 32. Bxe5+ Kxe5
33. Ke2 a4 34. Kf2 Bc6 35. Be2 Bd7 36. Bd3 h5 37. h4 Bg4 38. Bb5 Bd1 39. Ke1
Bb3 40. Be8 Kf5 41. Bxh5 e5 42. Be2 Bd5 43. Kf2 e4 44. Kf1 e3 45. Bf3 Bc4+
46. Ke1 Bb3 47. Be2 Bd5 48. Kf1 Bb3 49. Kg1 Ke4 50. Kh2 Ba2 51. h5 Kf5 52. c4
Kg5 53. Kh3 Bb1 54. g3 f3 55. Bxf3 Bd3 56. Kg2 Bxc4 57. Be4 Kxh5 58. Kf3 e2
59. Kf2 Kg4 60. Bf3+ Kh3 61. Bxe2 Be6 62. g4 Kh4 63. Ke3 Kg5 64. Kd4 Bb3
65. Kc5 Bc2 66. Kb4 Bb3 67. Bb5 Kxg4 68. Bxa4 Bd5 69. Kc5 Bf3 70. Bc6 Bd1
71. b4 Kg5 72. b5 1-0

[Event "9ème Open International de Rouen"]
[Site "Hôtel de Région - 76000 Rouen"]
[Date "2016.12.18"]
[Round "2.39"]
[White "Bat, Bilguun"]
[Black "Garcia, Frederic"]
[Result "1-0"]
[WhiteElo "1563"]
[BlackElo "1254"]
[PlyCount "69"]
[EventDate "2016.??.??"]

1. d4 d5 2. c4 Nf6 3. cxd5 Nxd5 4. e4 Nb6 5. Nc3 e6 6. Be3 Bb4 7. a3 Bxc3+
8. bxc3 O-O 9. Bd3 Nc6 10. Ne2 e5 11. d5 Ne7 12. c4 f5 13. f3 c6 14. c5 fxe4
15. fxe4 Nd7 16. d6 Ng6 17. Qb3+ Kh8 18. Qc3 b6 19. cxb6 axb6 20. Qxc6 Rb8
21. Nc3 Bb7 22. Qc7 Rc8 23. Qxb7 Rxc3 24. Kd2 Rb3 25. Kc2 Rxd3 26. Kxd3 Nf4+
27. Kd2 Nxg2 28. Rhf1 Nf4 29. Rac1 Nc5 30. Bxc5 bxc5 31. Qe7 Qa5+ 32. Rc3 Kg8
33. d7 Ng6 34. Rxf8+ Nxf8 35. d8=R 1-0